Knowledge and attitude of the farmers towards Maize cultivation in selected area of Gaibandha district / (Record no. 14809)

MARC details
000 -LEADER
fixed length control field 01284nam a22002897a 4500
001 - CONTROL NUMBER
control field BD-DhSAU 9297
003 - CONTROL NUMBER IDENTIFIER
control field BD-DhSAU
005 - DATE AND TIME OF LATEST TRANSACTION
control field 20200107151739.0
008 - FIXED-LENGTH DATA ELEMENTS--GENERAL INFORMATION
fixed length control field 150612b2018 bg a||||r|||| 000 0 eng d
040 ## - CATALOGING SOURCE
Original cataloging agency BD-DhSAU
082 ## - DEWEY DECIMAL CLASSIFICATION NUMBER
Edition number 22
Classification number 630.715
Item number Sh634
100 ## - MAIN ENTRY--PERSONAL NAME
Personal name Shing , Rajib Roy
Relator term Registration No. # 12-04910
245 ## - TITLE STATEMENT
Title Knowledge and attitude of the farmers towards Maize cultivation in selected area of Gaibandha district /
Remainder of title MS thesis
Statement of responsibility, etc. Shing , Rajib Roy
260 ## - PUBLICATION, DISTRIBUTION, ETC. (IMPRINT)
Place of publication, distribution, etc. Sher-e- Bangla Agricultural University :
Name of publisher, distributor, etc. Department of Agricultural Extension and Information System,
Date of publication, distribution, etc. 2018
300 ## - PHYSICAL DESCRIPTION
Extent ix,80 p. :
Other physical details ill. ,
Dimensions 30 cm.
500 ## - GENERAL NOTE
General note MS thesis of Department of Agricultural Extension and Information System, Faculty of Agriculture, Sher-e-Bangla Agricultural University, Dhaka, Bangladesh <br/>
504 ## - BIBLIOGRAPHY, ETC. NOTE
Bibliography, etc Include Bibliographical References
590 ## - Name of Cataloguer
Name of Cataloger Shofi
650 ## - SUBJECT ADDED ENTRY--TOPICAL TERM
Topical term or geographic name as entry element Agricultural Extension and Information System
650 ## - SUBJECT ADDED ENTRY--TOPICAL TERM
Topical term or geographic name as entry element Knowledge and attitude
650 ## - SUBJECT ADDED ENTRY--TOPICAL TERM
Topical term or geographic name as entry element Farmer
650 ## - SUBJECT ADDED ENTRY--TOPICAL TERM
Topical term or geographic name as entry element Maize cultivation
Geographic subdivision Gaibandha district
700 ## - ADDED ENTRY--PERSONAL NAME
Personal name Bashar , Md. Abul
Relator term Supervisor
700 ## - ADDED ENTRY--PERSONAL NAME
Personal name Haque , M. Zahidul
Relator term Co-Supervisor
856 ## - ELECTRONIC LOCATION AND ACCESS
Uniform Resource Identifier <a href="http://archive.saulibrary.edu.bd:8080/xmlui/handle/123456789/2851">http://archive.saulibrary.edu.bd:8080/xmlui/handle/123456789/2851</a>
Link text Online Access
942 ## - ADDED ENTRY ELEMENTS (KOHA)
Source of classification or shelving scheme Dewey Decimal Classification
Koha item type MS Level Thesis
Holdings
Withdrawn status Lost status Source of classification or shelving scheme Damaged status Not for loan Collection code Home library Branch Name Date acquired Total Checkouts Full call number Barcode Date last seen Price effective from Koha item type
    Dewey Decimal Classification   Not For Loan Reference SAU Library SAU Library 16/10/2019   630.715 Sh634 41471 25/11/2019 25/11/2019 MS Level Thesis